00000000nam##2200000za#4500
0019.610640
003CaOODSP
00520200401040854
007ta
008150406|1994||||xxc|||||     f|0| 0 eng|d
022 |a0706-6457
040 |aCaOODSP|beng
043 |an-cn---
0861 |aFs97-6/1895E
1101 |aCanada. |bDepartment of Fisheries and Oceans.
24510|aPrey spectra of pleuronectids (Hippoglossoides platessoides pleuronectes ferrugineus, pleuronectes americanus) from Sable Island Bank / |cby D. J. Martell and G. McClelland.
260 |aOttawa - Ontario : |bFisheries and Oceans Canada
300 |a20p. : |bfig., references, tables ; |c28 cm.
4901 |aCanadian technical report of fisheries and aquatic sciences|x0706-6457|v1895
500 |aPrepared in the Marine Fish Division, Biological Sciences Branch, Department of Fisheries and Oceans, Bedford Institute of Oceanography. P.O. Box 1006, Dartmouth, N.S. B2Y 4A2
546 |aRésumés en français
563 |aSoftcover
69007|aFish|2gcpds
7201 |aMcClelland, G.
7201 |aMartell, D. J.
7760#|tPrey spectra of pleuronectids (Hippoglossoides platessoides, Pleuronectes ferrugineus, Pleuronectes americanus) from Sable Island Bank / |w(CaOODSP)9.573891
830#0|aCanadian technical report of fisheries and aquatic sciences,|x0706-6457|v1895|w(CaOODSP)9.514691